000 00664nam a2200277Ia 4500
005 20260324135155.0
008 008 260324s9999 xx 000 0 eng d
020 _a9781315263366
037 _aEBOOK
040 _aCRL
040 _beng
040 _cCRL
041 _2eng
041 _aeng
084 _qCRL
100 _aJohn R. Millburn
_91199608
245 0 _aAdams of Fleet Street, Instrument Makers to King George III
260 _bTaylor and Francis
260 _c2000
365 _a
365 _b230
856 _uhttp://www.taylorfrancis.com/books/9781315263366
942 _cEBOOK
999 _c1800413
_d1800413